000 00613nam a2200229Ia 4500
003 OSt
005 20220918180706.0
006 a|||||r|||| 00| 0
007 ta
008 220917b |||||||| |||| 00| 0 eng d
024 _a23,593
037 _cTextual
040 _aARTS
_cARTS
_beng
041 _2eng
_aeng
082 _aO111x(S:52), H0
245 0 _aModern humour
_b a nosegay of contemporary wit edited by Guy Pocock and M.M Bozman
260 _c1940
300 _axiii,370p.
_ccm.
650 _aENGLISH LITERATURE
942 _hO111x(S:52), H0
_cTEXL
_2CC
999 _c162650
_d162650